| 000 | 00712cam a2200253 4500500 | ||
|---|---|---|---|
| 005 | 20260405002349.0 | ||
| 041 | _afre | ||
| 042 | _adc | ||
| 100 | 1 | 0 |
_aEltchaninoff, Michel _eauthor |
| 245 | 0 | 0 | _aLa valeur “refuge” |
| 260 | _c2017. | ||
| 500 | _a86 | ||
| 690 | _aEnquête | ||
| 690 | _aFoyer | ||
| 690 | _aJan Patocka | ||
| 690 | _aJean-Claude Kaufmann | ||
| 690 | _aMaison | ||
| 690 | _aMichel Eltchaninoff | ||
| 690 | _aMona Chollet | ||
| 690 | _aPeter Sloterdijk | ||
| 690 | _aRefuge | ||
| 786 | 0 | _nPhilosophie magazine | 107 | 3 | 2017-03-01 | p. 30-32 | 1951-1787 | |
| 856 | 4 | 1 | _uhttps://shs.cairn.info/magazine-philosophie-magazine-2017-3-page-30?lang=fr&redirect-ssocas=7080 |
| 999 |
_c2057042 _d2057042 |
||